[Event "Pfalz-ch HT2 86th"]
[Site "Wolfstein"]
[Date "2017.04.14"]
[Round "5"]
[White "Schweizer, Fabian"]
[Black "Raddatz, Gerd"]
[Result "0-1"]
[WhiteElo "1034"]
[BlackElo "1745"]
[PlyCount "34"]
[EventDate "2017.04.07"]
[EventType "swiss"]
[EventRounds "7"]
[EventCountry "GER"]
[SourceTitle "EXT 2018"]
[Source "ChessBase"]
[SourceDate "2017.10.13"]
[SourceVersion "1"]
[SourceVersionDate "2017.10.13"]
[SourceQuality "1"]

1. e4 c5 2. Nf3 d6 3. Nc3 Nf6 4. Bc4 Bg4 5. Nd5 e6 6. Nxf6+ Qxf6 7. c3 a6 8. d4 cxd4 9. Qa4+ Nc6 10. Nxd4 Rc8 11. Nxc6 Rxc6 12. Bxa6 Qe7 13. Bxb7 Qxb7 14. e5 Bf5 15. Bf4 d5 16. Rd1 Be7 17. 0-0 0-0 0-1

[Event "Pfalz-ch HT2 86th"]
[Site "Wolfstein"]
[Date "2017.04.08"]
[Round "2"]
[White "Schweizer, Fabian"]
[Black "Stephan, Kai"]
[Result "1-0"]
[WhiteElo "1034"]
[BlackElo "1321"]
[PlyCount "85"]
[EventDate "2017.04.07"]
[EventType "swiss"]
[EventRounds "7"]
[EventCountry "GER"]
[SourceTitle "EXT 2018"]
[Source "ChessBase"]
[SourceDate "2017.10.13"]
[SourceVersion "1"]
[SourceVersionDate "2017.10.13"]
[SourceQuality "1"]

1. e4 e5 2. Nf3 Nc6 3. Bc4 h6 4. Nc3 Bc5 5. d3 a6 6. 0-0 d6 7. Nd5 Na5 8. b4 Nxc4 9. bxc5 Na5 10. cxd6 cxd6 11. d4 Nc6 12. dxe5 dxe5 13. c4 Nge7 14. Qa4 0-0 15. Ba3 Re8 16. Nxe7+ Nxe7 17. Nxe5 Kf8 18. Rfd1 Qc7 19. Nd7+ Bxd7 20. Rxd7 Qc6 21. Qxc6 bxc6 22. f4 f6 23. e5 Kf7 24. exf6 Kxf6 25. Rd6+ Kf5 26. Re1 Ng6 27. g4+ Kxf4 28. Bc1+ Kf3 29. Rf1+ Kxg4 30. Rxg6+ Kh5 31. Rxg7 Re5 32. h3 Rae8 33. Kh2 Kh4 34. Rg4+ Kh5 35. Kg3 R8e6 36. Rh4+ Kg6 37. Rxh6+ Kg7 38. Rxe6 Rxe6 39. h4 Re2 40. Kg4 Rxa2 41. Kg5 Ra5+ 42. Rf5 Ra1 43. Bb2+ 1-0